LEADER 01269nam a2200325 a 4500 001 000000133125 003 CaOOAMICUS 005 20130312151352.0 008 130312s2000 it u000 u ita r 020 $a978-88-15-07848-3 040 $aPUL$bita 041 1 $aita$hfre 082 04$a305.8 100 1 $aMartiniello, Marco.$0(OLS)http://pul/name/85796 240 10$aSortir des ghettos culturels.$lItaliano.$0(OLS)http://pul/title/168202 245 13$aLe societą multietniche /$cMarco Martiniello. 260 $aBologna :$bIl Mulino,$c©2000. 300 $a118 p. ;$c21 cm 490 1 $aContemporanea ;$v118 504 $aBibliografia p. 115-118. 650 4$aMulticulturalismo.$0(OLS)http://pul/subject/23034 830 0$aContemporanea ;$v118.$0(OLS)http://pul/title/39385 850 $aPUL 852 $aPUL$W1$xSL Diritto e Scienze Sociali 3$y79$m305. 8 MARMA 1$j153063$qDDC 21$B152559$CPULBib$Z2$F152559 $H121887 $82 941 1 $a9 996 $6020$a978-88-15-07848-3$9(OLS)http://pul/number/152100 996 $6082$a305.8$9(OLS)http://pul/classification/651 996 $6245$aLe societą multietniche$9(OLS)http://pul/title/168203 996 $6260$aBologna :$bIl Mulino$9(OLS)http://pul/publisher/47928 LEADER 01284nam a2200313 a 4500 001 000000133624 003 CaOOAMICUS 005 20130422152120.0 008 130422s2013 it u000 u ita r 020 $a978-88-394-0846-4 040 $aPUL$bita 041 1 $aita$heng 100 1 $aGrech, Prosper,$ccardinale,$d1925-2019.$0(OLS)http://pul/name/12418 240 10$aOutline of New Testament spirituality.$lItaliano.$0(OLS)http://pul/title/168901 245 10$aSpiritualitą del Nuovo Testamento /$cProsper Grech. 260 $aBrescia :$bPaideia,$c2013. 300 $a165 p. ;$c21 cm. 490 1 $aStudi biblici ;$v171 500 $aInclude indice. 630 04$aBiblia.$pN.T.$xSpiritualitą.$0(OLS)http://pul/subject/38430 650 4$aSpiritualitą cristiana.$0(OLS)http://pul/subject/13929 830 0$aStudi biblici (Paideia) ;$v171.$0(OLS)http://pul/title/88 850 $aPUL 852 $aPUL$W1$xSL Religione 1$y3$m10 M 171$j153587$qStampati$B153154$CPULBib$Z2$F153154 $H122252 $82 941 1 $a8 996 $6020$a978-88-394-0846-4$9(OLS)http://pul/number/152487 996 $6245$aSpiritualitą del Nuovo Testamento$9(OLS)http://pul/title/168902 996 $6260$aBrescia :$bPaideia$9(OLS)http://pul/publisher/47884